KOHA-Header-6

Pakistan Failure in national integration (Record no. 10037)

000 -LEADER
fixed length control field 00270nam a2200109Ia 4500
100 ## - MAIN ENTRY--AUTHOR NAME
Personal name Rounaq Jahan
245 #0 - TITLE STATEMENT
Title Pakistan Failure in national integration
260 ## - PUBLICATION, DISTRIBUTION, ETC. (IMPRINT)
Place of publication India
Name of publisher Oxford
Year of publication 1995
300 ## - PHYSICAL DESCRIPTION
Number of Pages 208
942 ## - ADDED ENTRY ELEMENTS (KOHA)
Koha item type Books
Holdings
Withdrawn status Lost status Collection code Permanent Location Current Location Shelving location Date acquired Full call number Accession Number Koha item type
      MAJU MAJU   2019-09-14 954.91 6119 Pakistan Studies

Powered by Koha